Del conflicto a la cooperación entre Costa Rica y Nicaragua en torno a la cuenca de Río San Juan: ¿es posible un turismo binacional sin fronteras? /
Este trabajo quiere provocar un debate en torno a la soberanía. Se inicia con un repaso de los conflictos pasados entre los dos países por la cuenca del San Juan, para entender el marco histórico y visualizar cuál ha sido su importancia en las relaciones entre ambos Estados. Posteriormente, se descr...
Збережено в:
| Автор: | |
|---|---|
| Інші автори: | |
| Формат: | Текст |
| Предмети: | |
| Теги: |
Додати тег
Немає тегів, Будьте першим, хто поставить тег для цього запису!
|
MARC
| LEADER | 00000 a a2200000 04500 | ||
|---|---|---|---|
| 001 | 43287 | ||
| 003 | |||
| 040 | |||
| 100 | |a Paniagua Rodríguez, Carlos | ||
| 245 | |a Del conflicto a la cooperación entre Costa Rica y Nicaragua en torno a la cuenca de Río San Juan: |b ¿es posible un turismo binacional sin fronteras? / |c Carlos Paniagua Rodríguez ; Willy Soto Acosta | ||
| 500 | |a cprch@hotmail.com | ||
| 520 | |a Este trabajo quiere provocar un debate en torno a la soberanía. Se inicia con un repaso de los conflictos pasados entre los dos países por la cuenca del San Juan, para entender el marco histórico y visualizar cuál ha sido su importancia en las relaciones entre ambos Estados. Posteriormente, se describe la problemática actual entre Costa Rica y Nicaragua por el río San Juan, para comprender el escenario presente. | ||
| 590 | |a RRA/JULIO2012 | ||
| 650 | |a 1.SOBERANIA | ||
| 650 | |a 2.CONFLICTOS | ||
| 650 | |a 3.FRONTERAS | ||
| 650 | |a 4.TURISMO | ||
| 650 | |a 5.COOPERACION REGIONAL | ||
| 650 | |a 6.COSTA RICA | ||
| 650 | |a 7.NICARAGUA | ||
| 700 | |a Soto Acosta, Willy | ||
| 773 | |g páginas 51-69 | ||
| 999 | |c 27790 |d 27790 | ||
